00173nam a22000737a 4500082001700000100001900017245004200036300002100078 a823.912bORW aOrwell, George aNineteen Eighty Four /cGeorge Orwell a274 p. ;c23 cm.